LEADER 00904nam0-22003251i-450- 001 990003784780403321 005 20061017112141.0 010 $a88-204-2950-0 035 $a000378478 035 $aFED01000378478 035 $a(Aleph)000378478FED01 035 $a000378478 100 $a20030910d1989----km-y0itay50------ba 101 0 $aita 105 $ay-------001yy 200 1 $aClassi sociali e società contemporanea$fa cura di Antonio Schizzerotto 205 $a2. ed. 210 $aMilano$cFranco Angeli$d1989 215 $a212 p.$ctav.$d22 cm 225 1 $aSociologia$v128 610 0 $aClassi sociali$aTeoria 676 $a305.51 702 1$aSchizzerotto,$bAntonio 801 0$aIT$bUNINA$gRICA$2UNIMARC 901 $aBK 912 $a990003784780403321 952 $a305.51 SCH1$b1936$fBFS 959 $aBFS 996 $aClassi sociali e società contemporanea$9463919 997 $aUNINA LEADER 01182nam--2200361---450- 001 990002677310203316 005 20070214162607.0 035 $a000267731 035 $aUSA01000267731 035 $a(ALEPH)000267731USA01 035 $a000267731 100 $a20051025d1982----km-y0itay0103----ba 101 0 $aeng 102 $aIT 105 $ay|||z|||001yy 200 1 $aCooperation and conflict in border areas$fedited by Raimondo Strassoldo and Giovanni Delli Zotti 210 $aMilano$cF. Angeli$d1982 215 $a315 p.$d22 cm 300 $aAtti di un congresso tenuto a Gorizia nel 1979 606 0 $aZone di confine$xAnalisi sociologica$xCongressi$yGorizia$z1979 606 0 $aZone di confine$xEconomia$xCongressi$yGorizia$z1979 676 $a301.34 702 1$aSTRASSOLDO,$bRaimondo 702 1$aDELLI ZOTTI,$bGiovanni 801 0$aIT$bsalbc$gISBD 912 $a990002677310203316 951 $aII.5. 5737(XV B 1315)$b179812 L.M.$cXV B$d00131354 959 $aBK 969 $aUMA 979 $aCHIARA$b90$c20051025$lUSA01$h1212 979 $aCOPAT6$b90$c20070214$lUSA01$h1626 996 $aCOOPERATION and Conflict in Border Areas$9620743 997 $aUNISA LEADER 00606oam 2200217z- 450 001 9910131631903321 005 20241212220531.0 035 $a(CKB)3710000000461037 035 $a(EXLCZ)993710000000461037 100 $a20220628c2015uuuu -u- - 101 0 $aeng 200 00$a2015 IEEE/ACM 1st International Workshop on TEchnical and LEgal aspects of data pRivacy and SEcurity 210 $cIEEE 311 08$a9781467370981 311 08$a1467370983 311 08$a9781467370974 311 08$a1467370975 906 $aPROCEEDING 912 $a9910131631903321 996 $a2015 IEEE$92495912 997 $aUNINA